| 000 | 00435nam a2200157 a 4500 | ||
|---|---|---|---|
| 001 | 000032016 | ||
| 005 | 20200930063347.0 | ||
| 008 | 110707s19uu dr ac 000 0 spa d | ||
| 040 |
_aDO-SdBNP _bspa _cBNPHU |
||
| 082 |
_axxxx _bU58g |
||
| 110 | 2 |
_aUniversidad Católica Santo Domingo _91478 |
|
| 245 | 1 | 0 | _aGuía informativa. |
| 260 |
_a[Santo Domingo : _bs.n., _c19--?]. |
||
| 300 |
_a[12 p.] : _bil., retrs. ; _c21 cm. |
||
| 049 | _aBNPD | ||
| 999 |
_c31507 _d31507 |
||